000 00434nam a2200133Ia 4500
008 230917s9999||||xx |||||||||||||| ||und||
040 _e189178
_aMAIN
041 _aEnglish
082 _a657.45 I2R(1991)(12)
100 _aIndia, Comptroller and Auditor General of India
245 0 _aReport of the Comptroller and Auditor General of India, no.12 (Commercial) of 1991: Hindustan Insecticides Limited
300 _a85 p.
942 _cBK
999 _c73606
_d73606